000 00852nam a22002177a 4500
005 20180215142634.0
010 _aB-663725
020 _a9789352621620
_c310.00
035 _aB-663725
037 _aDPL
_bHimalaya publishing house
082 _a346.082
100 _aGordon, E.
245 _aBanking theory, law and practice /
_cby E. Gordon [and] K. Natarajan
250 _a25th ed
260 _aNew Delhi
_bHimalaya Publishing House
_c2016
270 _aPooja Apartments, 4-B, Murari Lal Street, Ansari Road Dariyaganj
_bNew Delhi
_e110002
300 _a517p.
_b24cm(pbk)
700 _aNatarajan. K.
942 _2ddc
_cEN
_h346.082
_mGOR
999 _c149947
_d149947